An introduction to practical infra-red spectroscopy / (Record no. 1836)

MARC details
000 -LEADER
fixed length control field 01011nac a22002891i 4500
003 - CONTROL NUMBER IDENTIFIER
control field EG-ScBUE
005 - DATE AND TIME OF LATEST TRANSACTION
control field 20251209092140.0
008 - FIXED-LENGTH DATA ELEMENTS--GENERAL INFORMATION
fixed length control field 250901r19621960enka f b 001 0 eng d
020 ## - INTERNATIONAL STANDARD BOOK NUMBER
International Standard Book Number 0408548517
040 ## - CATALOGING SOURCE
Original cataloging agency EG-ScBUE
Language of cataloging eng
Description conventions rda
Transcribing agency EG-ScBUE
Modifying agency EG-ScBUE
082 04 - DEWEY DECIMAL CLASSIFICATION NUMBER
Classification number 547.3463
Item number CRO
Edition number 22
100 1# - MAIN ENTRY--PERSONAL NAME
Personal name Cross, A. D.,
Relator term author.
245 13 - TITLE STATEMENT
Title An introduction to practical infra-red spectroscopy /
Statement of responsibility, etc A. D. Cross, B.Sc., Ph.D., Imperial College of Science and Technology, London.
250 ## - EDITION STATEMENT
Edition statement Reprinted edition.
264 #1 - PUBLICATION, DISTRIBUTION, ETC. (IMPRINT)
Place of publication, distribution, etc London :
Name of publisher, distributor, etc Butterworths,
Date of publication, distribution, etc 1962.
300 ## - PHYSICAL DESCRIPTION
Extent viii, 80 pages :
Other physical details illustrations ;
Dimensions 25 cm
336 ## - CONTENT TYPE
Source rdacontent
Content type term text
Content type code txt
337 ## - MEDIA TYPE
Media type term unmediated
Source rdamedia
Media type code n
338 ## - CARRIER TYPE
Carrier type term volume
Carrier type code nc
Source rdacarrier
504 ## - BIBLIOGRAPHY, ETC. NOTE
Bibliography, etc Includes bibliographical references and index.<br/>
650 #7 - SUBJECT ADDED ENTRY--TOPICAL TERM
Topical term or geographic name as entry element Infrared spectra.
Source of heading or term BUEsh
650 #7 - SUBJECT ADDED ENTRY--TOPICAL TERM
Topical term or geographic name as entry element Chemistry, Organic.
Source of heading or term BUEsh
650 #7 - SUBJECT ADDED ENTRY--TOPICAL TERM
Topical term or geographic name as entry element Chemistry, Analytic.
Source of heading or term BUEsh
655 ## - INDEX TERM--GENRE/FORM
Form subdivision Reading book
942 ## - ADDED ENTRY ELEMENTS (KOHA)
Koha item type Book - Borrowing
Source of classification or shelving scheme Dewey Decimal Classification
Holdings
Withdrawn status Lost status Source of classification or shelving scheme Damaged status Not for loan Collection code Home library Current library Shelving location Date acquired Source of acquisition Total Checkouts Total Renewals Full call number Barcode Date last seen Date checked out Price effective from Koha item type
    Dewey Decimal Classification     Baccah Central Library Central Library First floor 18/12/2006 Donation 3 1 547.3463 CRO 000002481 15/07/2025 23/09/2019 18/12/2006 Book - Borrowing